| 000 | 00607nam a2200217Ia 4500 | ||
|---|---|---|---|
| 003 | OSt | ||
| 005 | 20250828140434.0 | ||
| 008 | 241004s9999 xx 000 0 und d | ||
| 020 | _a9781032234250 | ||
| 037 | _aTextbook | ||
| 040 |
_aARTS _beng _cARTS |
||
| 041 |
_aeng _2eng |
||
| 084 |
_aV2,64 R2 _qARTS |
||
| 100 | _aRajasekhar D. Ed. | ||
| 245 |
_aHandbook of decentralised governance and development in India _cRajasekhar D. Ed. |
||
| 260 |
_aUK _bLondon Routledge _c2022 |
||
| 300 | _axv,344p. | ||
| 365 |
_aINR _b1595 |
||
| 942 |
_cTB _hV2,64 R2 _2CC _n0 |
||
| 999 |
_c1218860 _d1218860 |
||